000 00191nam a2200085 4500
001 1256312
005 20251225100650.0
245 _aÖLÜM ÇIĞLIĞI
_cAGATHA CHRISTIE
260 _bALTIN KİTAPLAR
999 _c1256312
_d1256312